| 000 -LEADER |
| fixed length control field |
00894nam a22001937a 4500 |
| 003 - CONTROL NUMBER IDENTIFIER |
| control field |
OSt |
| 005 - DATE AND TIME OF LATEST TRANSACTION |
| control field |
20260122193957.0 |
| 008 - FIXED-LENGTH DATA ELEMENTS--GENERAL INFORMATION |
| fixed length control field |
230308b ||||| |||| 00| 0 eng d |
| 040 ## - CATALOGING SOURCE |
| Transcribing agency |
Ost |
| 041 ## - LANGUAGE CODE |
| Language code of text/sound track or separate title |
Shan |
| 082 ## - DEWEY DECIMAL CLASSIFICATION NUMBER |
| Classification number |
294.34433 |
| 245 ## - TITLE STATEMENT |
| Title |
ပပ်ႉထမ်းမထတ်ႉလႄႈသုတ်ႈမူၼ်း (လၢၼ်ႉလႃး) ဝတ်ႉၶေမႃးရၢမ်းၸဵင်းတုင်၊ ၼၵွၼ်းယၼ်ႇၵုင်ႇ |
| Statement of responsibility, etc. |
ၸဝ်ႈသႂႃတိသႅင်ပၺ်ၺႃသႃမိ၊ ၸဝ်ႈတုႁွင်ၶမ်းသေႃးၽိတ၊ ၸဝ်ႈတုယီႈၼူၼ်းၸဝၼ ထတ်း- |
| 260 ## - PUBLICATION, DISTRIBUTION, ETC. |
| Date of publication, distribution, etc. |
2008 |
| 300 ## - PHYSICAL DESCRIPTION |
| Extent |
ၺ၊ 712 ၼႃႈ |
| Dimensions |
22 ၸိၼ်ႇထီႇ |
| 500 ## - GENERAL NOTE |
| General note |
S-SAT: Dr. Prof Sai Aung Tun |
| 650 ## - SUBJECT ADDED ENTRY--TOPICAL TERM |
| Topical term or geographic name entry element |
ထမ်းဝႆႈၽြႃး |
| 942 ## - ADDED ENTRY ELEMENTS (KOHA) |
| Koha item type |
Book (Short term) |
| 650 ## - SUBJECT ADDED ENTRY--TOPICAL TERM |
| 9 (RLIN) |
20673 |
|
| Source of classification or shelving scheme |
|